00466nam a2200193Ia 4500003000900000008004100009040001300050040001300063041000800076100001200084245005800096250001100154260001300165260000900178300001200187490002200199490000800221600004300229IT-RoPAU120407s9999 xx 000 0 und d aIT-RoPAU cIT-RoPAU afra aOrigene aCommentaire sur Saint Jean (Testo greco-francese)  aParis  aDu Cerf  c1966 c19,7 cm aSorces Chretienne v120 aTome I° : Livres I-V 1-414 p.